LEADER 01997oam 2200529M 450 001 9910716183903321 005 20200213070903.3 035 $a(CKB)5470000002518273 035 $a(OCoLC)1065593828 035 $a(OCoLC)995470000002518273 035 $a(EXLCZ)995470000002518273 100 $a20071213d1926 ua 0 101 0 $aeng 135 $aurcn||||||||| 181 $ctxt$2rdacontent 182 $cc$2rdamedia 183 $acr$2rdacarrier 200 10$aRetirement of certain persons as first lieutenant, Medical Corps. March 20 (calendar day, March 22), 1926. -- Ordered to be printed 210 1$a[Washington, D.C.] :$c[U.S. Government Printing Office],$d1926. 215 $a1 online resource (1 page) 225 1 $aSenate report / 69th Congress, 1st session. Senate ;$vno. 417 225 1 $a[United States congressional serial set ] ;$v[serial no. 8524] 300 $aBatch processed record: Metadata reviewed, not verified. Some fields updated by batch processes. 300 $aFDLP item number not assigned. 517 $aRetirement of certain persons as first lieutenant, Medical Corps. March 20 606 $aMilitary administration 606 $aSurgeons 606 $aDisabled veterans 606 $aArmed Forces$xOfficers 607 $aUnited States$xArmed Forces$xOfficers 607 $aUnited States$xArmed Forces$xNon-commissioned officers 608 $aLegislative materials.$2lcgft 615 0$aMilitary administration. 615 0$aSurgeons. 615 0$aDisabled veterans. 615 0$aArmed Forces$xOfficers. 701 $aReed$b David Aiken$f1880-1953$pRepublican (PA)$01388389 801 0$bWYU 801 1$bWYU 801 2$bOCLCO 801 2$bOCLCQ 801 2$bOCLCO 801 2$bOCLCQ 906 $aBOOK 912 $a9910716183903321 996 $aRetirement of certain persons as first lieutenant, Medical Corps. March 20 (calendar day, March 22), 1926. -- Ordered to be printed$93440227 997 $aUNINA LEADER 02367oam 22005174a 450 001 9910289338603321 005 20230621135420.0 010 $a607-628-908-2 010 $a968-12-1247-9 035 $a(CKB)4100000007010766 035 $a(OCoLC)1056107561 035 $a(MdBmJHUP)muse84949 035 $a(WaSeSS)IndRDA00125578 035 $a(oapen)https://directory.doabooks.org/handle/20.500.12854/89932 035 $a(oapen)doab89932 035 $a(EXLCZ)994100000007010766 100 $a20181008d2006 uy 0 101 0 $aspa 135 $aur|||||||nn|n 181 $ctxt$2rdacontent 182 $cc$2rdamedia 183 $acr$2rdacarrier 200 10$aSurgimiento y caída del Imperio mexicano$fLord Acton ; presentacio?n, traduccio?n y notas de Adolfo Castan?on 205 $a1a ed. 210 $cEl Colegio de México$d2006 210 1$aMexico :$cEl Colegio de Mexico,$d2006. 210 4$d©2006. 215 $a1 online resource (1 online resource.) 225 0 $aJSTOR Open Access monographs. 300 $aIncludes Chronology de Lord Acton by Manuel Alvarez Tardi?o (1999). 300 $a"Edicio?n no venal para obsequiar a los amigos de El Colegio de Mexico"--Title page verso. 320 $aIncludes bibliographical references. 330 $aEl libro que el lector tiene en sus manos es el primero de una colección que se conformó en tres distintas series, "los libros de la casa", que incluye textos de autores vitalmente vinculados a la institución; "efemérides", que incluirá publicaciones con un afán conmemorativo de aniversario, celebraciones y homenajes, y "los amigos de la casa", que publicara textos de autores relacionados tangencialmente con el Colegio de México. Estas publicaciones recuperan la tradición de rigor y sobriedad editorial que distingue y ha distinguido a los libros del colegio de México 606 $aHistory of the Americas$2bicssc 608 $aElectronic books. 610 $aHistory of the Americas 615 7$aHistory of the Americas 676 $a972.07 700 $aActon$b John Emerich Edward Dalberg Acton$cBaron,$f1834-1902.$0127202 702 $aCastan?o?n$b Adolfo$f1952- 801 0$bMdBmJHUP 801 1$bMdBmJHUP 906 $aBOOK 912 $a9910289338603321 996 $aSurgimiento y caída del Imperio mexicano$92431536 997 $aUNINA